| 000 | nam a22 7a 4500 | ||
|---|---|---|---|
| 999 |
_c234125 _d234125 |
||
| 003 | Nust | ||
| 005 | 20170313210338.0 | ||
| 008 | 170313b xxu||||| |||| 00| 0 eng d | ||
| 020 | _a9788172236403 | ||
| 040 | _cNust | ||
| 082 |
_a813.0108325493 _bOND |
||
| 100 | _aOndaatje, Griffin | ||
| 245 |
_aScarless Face & Other Stories / _cGriffin Ondaatje; |
||
| 260 |
_aNew Delhi. _bHarpercollins Publisher _c2006 |
||
| 300 | _a264 p. | ||
| 650 |
_aTales _vFiction |
||
| 650 |
_aSri Lanka _vFiction |
||
| 942 |
_2ddc _cBK |
||